Statistiche per Quiz sulla città di Bari

Clicka qui per fare il quiz!

Statistiche generali

  • Questo quiz è stato fatto 148 volte
  • Il punteggio medio è 10 su 22

Statistiche sulle risposte

DescrizioneRisposta% Corretto
Regione della quale Bari è il capoluogoPuglia
100%
Santo patrono di BariSan Nicola
94%
Bari si trova su questa frazione del MediterraneoAdriatico
74%
Bari viene spesso associata con questo tipo di pastaOrecchiette
73%
Animale rappresentato sulla stemma della squadra di calcioGallo
64%
Comune della regione metropolitana rinomata per il suò paneAltamura
63%
Famosa fiera di BariFiera del {Levante}
57%
Ministro ucciso nel 1978 dalle Brigate Rosse ed ex-alunno dell'universitàAldo Moro
53%
Il piú importante teatro di BariTeatro {Petruzzelli}
50%
Quartiere di Bari che ha dato il nome al aeroportoPalese
49%
Nome latino di BariBarium
46%
Comune famoso per il suo carnevalePutignano
41%
A Bari, la parola "panzerotto" viene usata per questa specialta fritta e pieggataCalzone
40%
L'aeroporta è stato intitolato a questa figura religiosaKarol Wojtyła
36%
Fortezza costruita per Federico II nel XIII secoloCastello Svevo
35%
Quartiere del centro che fu svilupato da un generale napoleonicoMurattiano
30%
Altopiano carsico che si espande intorno alla cittàMurge
30%
Altro nome della cattedrale di BariCattedrale di San {Sabino}
25%
Piatto detto "alla barese" con patate, riso e cozze"Tiella
20%
Maschera caratteristica di questo carnevaleFarinella
12%
Vitigno rosso coltivato nella regione che assomiglia allo ZinfandelPrimitivo
11%
Antica via costiera lungo la quale fu sviluppata la cittàVia Traiana
5%

Distribuzione punteggi

Percentile per numero di risposta

Percentuale di utenti per punteggio

I tuoi punteggi nel tempo

Non hai fatto questo quiz